Music Quiz

Random Music or Song Quiz

Opening Lyrics - The Beatles Quiz Stats

 Plays Quiz Updated Oct 6, 2017

Score 0/24 Timer 06:00
18 Plays Today
Opening Lyric Song % Correct
'[Title], dont make it bad. Take a sad song and make it better...'Hey Jude
93.1%
'When I find myself in times of trouble, Mother Mary comes to me...'Let it Be
92.1%
'In the town where I was born, lived a man who sailed the sea...'Yellow Submarine
86.4%
'Ah, look at all the lonely people...'Eleanor Rigby
84.7%
'You say yes, I say no, you say stop, and I say go, go, go...'Hello Goodbye
83.4%
'Picture yourself in a boat on a river, with tangerine trees and marmalade skies...'Lucy in the Sky with Diamonds
81.5%
'When I get older losing my hair, many years from now...'When I'm Sixty-Four
80.6%
'Flew in from Miami Beach BOAC, didn't get to bed last night...'Back in the U.S.S.R.
76.3%
'What would you think if I sang out of tune, would you stand up and walk out on me?'With A Little Help From My Friends
76.3%
'[Title] singing in the dead of night, take these broken wings and learn to fly...'Blackbird
75.1%
'Try to see it my way, do I have to keep on talking till I can't go on?...'We Can Work It Out
74.3%
'Oh yeah, I'll tell you something I think you'll understand...'I Want to Hold Your Hand
74.3%
Opening Lyric Song % Correct
'Here come old flat top, he come groovin' up slowly...'Come Together
74.3%
'I think I'm gonna be sad, I think it's today, yeah. The girl that's driving me mad is going away...'Ticket to Ride
70.2%
'[Title], my belle, these are words that go together well...'Michelle
67.5%
'Ooh I need your love, babe, guess you know it's true...'Eight Days a Week
67.4%
'[Title x2], and I say, it's alright. Little darling, its been a long, cold, lonely winter...'Here Comes the Sun
64.7%
'Desmond has his barrow in the market place, Molly is the singer in a band...'Ob-La-Di, Ob-La-Da
64.4%
'I once had a girl, or should I say, she once had me...'Norwegian Wood (This Bird Has Flown)
58.3%
'When I get to the bottom I go back to the top of the slide...'Helter Skelter
52.4%
'Words are flowing out like endless rain into a paper cup...'Across the Universe
49.4%
'Joan was quizzical, studied pataphysical science in the home...' Maxwell's Silver Hammer
49.1%
'Standing in the dock at Southampton, trying to get to Holland or France...'The Ballad of John and Yoko
37.4%
'There's a fog upon L.A. and my friends have lost their way...'Blue Jay Way
19.9%

You're not logged in!

Compare scores with friends on all Sporcle quizzes.
OR
Log In

Sporcle TV

Today on Sporcle TV


Watch our educational content, quiz creation guides, and fun videos on Sporcle TV.

Show Comments

Extras

Top Quizzes Today


Score Distribution

Your Account Isn't Verified!

In order to create a playlist on Sporcle, you need to verify the email address you used during registration. Go to your Sporcle Settings to finish the process.

Report this User

Report this user for behavior that violates our Community Guidelines.

Details: